Statistics for Music Genres by Country of Origin

Click here to take the quiz!

General Stats

  • This quiz has been taken 32 times
  • The average score is 10 of 16

Answer Stats

HintAnswer% Correct
K-popSouth Korea
97%
FlamencoSpain
97%
JazzUnited States
97%
Bossa NovaBrazil
93%
New WaveUnited Kingdom
87%
OperaItaly
83%
SkaJamaica
77%
AfrobeatNigeria
73%
Min'yoJapan
67%
MamboCuba
57%
PolkaCzech Republic
47%
CarnaticIndia
47%
GamelanIndonesia
37%
HighlifeGhana
33%
CalypsoTrinidad and Tobago
30%
MbalaxSenegal
23%

Score Distribution

Percentile by Number Answered

Percent of People with Each Score

Your Score History

You have not taken this quiz